| 000 | 00976nam a22002651u 4500 | ||
|---|---|---|---|
| 001 | 12651 | ||
| 003 | HDC | ||
| 007 | cr bn --- | ||
| 008 | 210209p2002 my eng | ||
| 040 | _aHDC | ||
| 100 |
_aChong, Swee Teck, _eauthor _912732 |
||
| 245 | 0 |
_aGrowth characteristics and dry matter partitioning in sweet cherry rootstocks / _cby Chong Swee Teck and Preston K. Andrews |
|
| 260 |
_aSerdang : _bMalaysian Agricultural Research and Development Institute (MARDI), _c2002 |
||
| 300 | _a1 page | ||
| 336 |
_atext _2rdacontent |
||
| 337 |
_acomputer _2rdamedia |
||
| 338 |
_aonline resource _2rdacarrier |
||
| 650 |
_aDry matter partitioning _913427 |
||
| 650 |
_aGrowth characteristics _913426 |
||
| 650 |
_aVigour _913428 |
||
| 856 | _zRequest full-text at [email protected] | ||
| 942 | _2lcc | ||
| 942 | _cAR | ||
| 942 | _kJART 003191 | ||
| 999 |
_c9974 _d9974 |
||